000 00180 a2200097 4500
020 _a0780215354
041 _aspa
100 _aCowley, Joy
245 _aLa loma grande
942 _cBK
999 _c10982
_d10982